Statistiken für Verpixelte Weltkarte in 90 Sekunden

Klicken Sie hier um das Quiz zu spielen!

Allgemein

  • Dieses Quiz wurde 3.154 mal gespielt
  • Das Durchschnittsergebnis liegt bei 790 aus 1129

Antworten auf der Karte

Die Antworten werden auf der Karte rot bzw. grün angezeigt, abhängig davon wie oft sie richtig erraten wurden.
 

Antwortstatistiken

Land% Korrekt
Vereinigte Staaten
98%
Kanada
97%
Russland
96%
Brasilien
94%
China
93%
Australien
87%
Argentinien
81%
Mexiko
80%
Dänemark
79%
Indien
75%
Deutschland
71%
Südafrika
67%
Demokratische Republik Kongo
64%
Republik Kongo
63%
Frankreich
61%
Algerien
60%
Chile
59%
Peru
58%
Mongolei
55%
Schweden
55%
Kasachstan
54%
Norwegen
50%
Iran
47%
Spanien
47%
Kolumbien
45%
Niger
45%
Sudan
43%
Ägypten
40%
Finnland
39%
Libyen
38%
Indonesien
37%
Saudi-Arabien
37%
Bolivien
36%
Nigeria
36%
Mali
35%
Tschad
35%
Irak
34%
Japan
33%
Venezuela
33%
Island
31%
Ukraine
31%
Angola
30%
Polen
30%
Italien
28%
Marokko
28%
Namibia
28%
Türkei
28%
Pakistan
27%
Vereinigtes Königreich
25%
Neuseeland
24%
Paraguay
22%
Irland
21%
Mauretanien
21%
Uruguay
21%
Ecuador
20%
Thailand
19%
Äthiopien
16%
Kenia
16%
Madagaskar
16%
Südsudan
16%
Afghanistan
15%
Tansania
14%
Guyana
13%
Suriname
13%
Guatemala
12%
Nicaragua
12%
Mosambik
11%
Niederlande
10%
Nordkorea
10%
Somalia
10%
Südkorea
10%
Weißrussland
10%
Botswana
9%
Tunesien
9%
Vietnam
9%
Griechenland
8%
Österreich
8%
Ghana
7%
Philippinen
7%
Sambia
7%
Birma
6%
Malaysia
6%
Oman
6%
Simbabwe
6%
Usbekistan
6%
Jemen
5%
Kamerun
5%
Laos
5%
Tschechien
5%
Ungarn
5%
Papua-Neuguinea
4%
Rumänien
4%
Syrien
4%
Turkmenistan
4%
Zentralafrikanische Republik
4%
Bulgarien
3%
Kambodscha
3%
Litauen
3%
Nepal
3%
Senegal
3%
Bangladesch
2%
Gabun
2%
Guinea
2%
Kirgisistan
2%
Serbien
2%
Tadschikistan
2%
Uganda
2%
Aserbaidschan
1%
Benin
1%
Burkina Faso
1%
Elfenbeinküste
1%
Eritrea
1%
Jordanien
1%
Sierra Leone
0%

Verteilung der Resultate

Perzentil nach korrekt beantworteten Fragen

Anzahl Personen mit jedem Resultat

Ihre Resultats-Entwicklung

Sie haben dieses Quiz noch nicht gespielt